Members of Stray Kids - Statistics

General Stats
  • This quiz has been taken 194 times
  • The average score is 8 of 8
Answer Stats
Hint Answer % Correct
Leader Bangchan
99%
kfc Felix
99%
Quokka Han
99%
Maknae I.N
99%
Drama Queen Hyunjin
98%
Cat Owner Lee Know
98%
"Bangchan is so old" Seungmin
98%
Buff Changbin
97%
No matching quizzes found
Score Distribution
Percent of People with Each Score
Percentile by Number Answered
Your Score History
You have not taken this quiz